|
|
|
|
| LEADER |
00963nam a2200229 a 4500 |
| 001 |
1718392 |
| 008 |
090709s1971 enk 001 0 eng d |
| 010 |
|
|
|a 72176859
|
| 020 |
|
|
|a 0192811002
|
| 040 |
|
|
|a DLC
|c DLC
|d DLC
|
| 082 |
0 |
0 |
|a 821/.7/09
|2 18
|
| 100 |
1 |
|
|a Knight, George Wilson,
|d 1897-
|
| 245 |
1 |
4 |
|a The starlit dome: studies in the poetry of vision,
|c by G. Wilson Knight, with an introduction by W. F. Jackson Knight.
|
| 260 |
|
|
|a London,
|a New York,
|b Oxford University Press,
|c 1971.
|
| 300 |
|
|
|a xiv, 330 p.
|c 21 cm.
|
| 504 |
|
|
|a Includes indexes.
|
| 541 |
1 |
|
|e 00009310
|
| 490 |
0 |
|
|a Oxford paperbacks,
|v 265
|
| 650 |
|
0 |
|a English poetry
|y 19th century
|x History and criticism.
|
| 852 |
4 |
|
|a Ayesha Abed Library
|j General Shelf.
|
| 999 |
|
|
|c 2233
|d 2233
|
| 952 |
|
|
|0 0
|1 0
|2 ddc
|4 1
|6 821_000000000000000__7_09_KNI_1971
|7 0
|9 2059
|a BRACUL
|b BRACUL
|c SPS
|d 2009-07-09
|g 0.00
|l 0
|o 821.709 KNI
|p 3010009310
|r 2009-07-09
|t 1
|w 2009-07-09
|y BK
|x No price found in the accession register.
|